Stolice bez litery A - z pomocą - Statystyki

Ogólne statystyki
  • Ten quiz został rozwiązany 221 razy
  • Średni wynik to 29 z 49
Statystyki odpowiedzi
Kraj Stolica % Poprawnych
Austria Wiedeń
98%
Niemcy Berlin
94%
Wielka Brytania Londyn
94%
Wlochy Rzym
94%
Ukraina Kijów
93%
Japonia Tokio
93%
Finlandia Helsinki
90%
Bialorus Mińsk
90%
Chiny Pekin
90%
Szwecja Sztokholm
90%
Luksemburg Luksemburg
89%
Norwegia Oslo
89%
Litwa Wilno
89%
Irlandia Dublin
88%
Meksyk Meksyk
88%
Szwajcaria Berno
84%
Korea Poludniowa Seul
83%
Moldawia Kiszyniów
76%
Indie Nowe Delhi
73%
Macedonia Północna Skopje
68%
Tunezja Tunis
65%
Gruzja Tbilisi
63%
Urugwaj Montevideo
62%
Kuwejt Kuwejt
59%
Nowa Zelandia Wellington
56%
Ekwador Quito
55%
Dzibuti Dżibuti
54%
Liban Bejrut
51%
Jamajka Kingston
51%
Saint Vincent i Grenadyny Kingstown
51%
Libia Trypolis
51%
Kirgistan Biszkek
44%
Boliwia Sucre
44%
Kambodza Phnom Penh
38%
Timor Wschodni Dili
37%
Sierra Leone Freetown
37%
Togo Lomé
33%
Gujana Georgetown
32%
Benin Porto-Novo
32%
Bhutan Thimphu
31%
Papua-Nowa Gwinea Port Moresby
29%
Barbados Bridgetown
28%
Gabon Libreville
28%
Malawi Lilongwe
27%
Namibia Windhuk
27%
Komory Moroni
24%
Mauritius Port Louis
24%
Republika Poludniowej Afryki Bloemfontein
22%
Palau Ngerulmud
19%
Nie znaleziono quizów pasujących do podanych kryteriów
Rozkład punktacji
Procent ludzi z każdym wynikiem
Percentyl według liczby udzielonych odpowiedzi
Twoja historia wyników
Nie rozwiązałeś tego quizu